Телесно-ориентированная методика диагностики личности: Учебно-методическое пособие

מידע ביבליוגרפי
מחבר ראשי: Кассель У. А. Уилфред А.
מחברים אחרים: Хромов А. Б. Анатолий Борисович
שפה:רוסית
יצא לאור: Курган, Изд-во Курганского гос. ун-та, 2000
נושאים:
פורמט: MixedMaterials ספר
KOHA link:https://koha.lib.tpu.ru/cgi-bin/koha/opac-detail.pl?biblionumber=25498

MARC

LEADER 00000nam0a2200000 4500
001 25498
005 20231030201004.0
010 |a 5863282223 
035 |a (RuTPU)RU\TPU\book\25734 
035 |a BOOK00025809 
090 |a 25498 
100 |a 20011209d2000 m y0rusy50 ca 
101 0 |a rus 
102 |a RU 
105 |a y j 000zy 
200 1 |a Телесно-ориентированная методика диагностики личности  |e Учебно-методическое пособие  |f У. А. Кассель, А. Б. Хромов 
210 |a Курган  |c Изд-во Курганского гос. ун-та  |d 2000 
215 |a 171 с. 
517 1 |a Тест чернильных пятен SIS-I 
610 1 |a психология 
610 1 |a личность 
610 1 |a практическая психология 
610 1 |a психодиагностика 
610 1 |a тесты 
610 1 |a метод чернильных пятен 
610 1 |a учебные пособия 
686 |a Ю937.2я73  |v LBC/SL-A  |2 rubbk 
700 1 |a Кассель  |b У. А.  |g Уилфред А. 
701 1 |a Хромов  |b А. Б.  |g Анатолий Борисович 
801 0 |a RU  |b 63413507  |c 20011209  |g PSBO 
801 2 |a RU  |b 63413507  |c 20180524  |g PSBO 
942 |c BK